000 00643nam a2200181Ia 4500
008 090124s9999 xx 000 0 und d
082 _b20255
_a2265
100 _aक्षीरसागर शं.धो. मसूर
245 _a श्रीमत लक्ष दासबोध
250 _a3
260 _c1928
300 _a24+444+2
600 _aक्षीरसागर शं.धो. मसूर
630 _a श्रीमत लक्ष दासबोध
700 _aक्षीरसागर शं.धो. मसूर
730 _a श्रीमत लक्ष दासबोध
942 _cBOOK
999 _c134062
_d134062